Significado político de la comarca Guymi o Gnawbe

Spremljeno u:
Bibliografski detalji
Glavni autor: Blanco Muñoz, Freddy Enrique
Format: Tekst
Izdano: Panamá
Oznake: Dodaj oznaku
Bez oznaka, Budi prvi tko označuje ovaj zapis!

MARC

LEADER 00000 a a2200000 04500
001 21559
003
040
090 |a 095500  
100 |a Blanco Muñoz, Freddy Enrique  
245 |a Significado político de la comarca Guymi o Gnawbe  
260 |a Panamá  
300 |a 10 p.  
999 |c 13571  |d 13571